000 00374nam a22001457a 4500
003 SGT
020 _a 9788173912498
082 _a384.3
_bI08Y
100 _aYADAVA, J.S PRADEEP MATHUR
245 _aISSUES IN MASS COMMUNICATION THE BASIC CONCEPTS
260 _aNEW DELHI
_bKANISHKA PUBLICATION
_c2008
300 _a312
650 _aMASS COMMUNICATION
942 _2ddc
_cBK
_01
999 _c13168
_d13168